000 00382nam a2200157Ia 4500
008 230917s9999||||xx |||||||||||||| ||und||
040 _e79828
_aMAIN
041 _aEnglish
082 _a342 T139L
100 _aThakker, C K
245 0 _aLectures on administrative law
250 _a2nd ed.
260 _aLucknow
_bEastern Book Co
_c1994
300 _axlvii, 360 p.
942 _cBK
999 _c77629
_d77629